[Event "Nord West Cup"]
[Site "Oldenburg"]
[Date "2000.02.13"]
[Round "7"]
[White "Langheinrich, Elfi"]
[Black "Kuenzler, Thomas"]
[Result "0-1"]
[WhiteElo "1552"]
[BlackElo "2051"]
[PlyCount "46"]
[EventDate "2000.??.??"]
[EventType "swiss"]
[EventRounds "7"]
[EventCountry "GER"]
[SourceTitle "EXT 2002"]
[Source "ChessBase"]
[SourceDate "2001.11.25"]
[SourceVersion "1"]
[SourceVersionDate "2001.11.25"]
[SourceQuality "1"]

1. e4 Nf6 2. Nc3 d5 3. e5 Nfd7 4. d4 e6 5. Nf3 c5 6. Bf4 Nc6 7. Bb5 Qb6 8. Bxc6 bxc6 9. Rb1 cxd4 10. Qxd4 c5 11. Qd1 Ba6 12. Ne2 Be7 13. 0-0 0-0 14. Re1 Qc6 15. c3 Bxe2 16. Rxe2 a5 17. b3 Rfb8 18. Reb2 Rb7 19. h3 Rab8 20. Qe2 Nb6 21. Kh2 Qd7 22. Qd2 c4 23. Qc2 Ba3 0-1

[Event "Nord West Cup"]
[Site "Oldenburg"]
[Date "2000.02.10"]
[Round "1"]
[White "Langrock, Hannes"]
[Black "Langheinrich, Elfi"]
[Result "1-0"]
[WhiteElo "2135"]
[BlackElo "1552"]
[PlyCount "117"]
[EventDate "2000.??.??"]
[EventType "swiss"]
[EventRounds "7"]
[EventCountry "GER"]
[SourceTitle "EXT 2002"]
[Source "ChessBase"]
[SourceDate "2001.11.25"]
[SourceVersion "1"]
[SourceVersionDate "2001.11.25"]
[SourceQuality "1"]

1. e4 e5 2. Nf3 Nc6 3. d4 exd4 4. Nxd4 d6 5. Nc3 Bd7 6. Be3 Nf6 7. f3 Be7 8. Qd2 0-0 9. Be2 a6 10. g4 b5 11. g5 Ne8 12. f4 Nxd4 13. Bxd4 f5 14. exf5 Bxf5 15. Bf3 c5 16. Be3 Rb8 17. 0-0-0 Kh8 18. Nd5 b4 19. Rhe1 Rf7 20. Bh5 g6 21. Be2 Qa5 22. Bc4 Bg4 23. Bd4+ cxd4 24. Qxd4+ Rg7 25. Rxe7 Bxd1 26. Kxd1 Qc5 27. Re4 a5 28. Kc1 Rc8 29. Qxc5 dxc5 30. Nf6 Nd6 31. Bd5 Nxe4 32. Bxe4 Rd8 33. Bd5 Re7 34. c4 bxc3 35. bxc3 Re2 36. h4 Rf2 37. c4 Rxf4 38. Kc2 Rxh4 39. Kb3 Rh3+ 40. Ka4 Rb8 41. a3 Kg7 42. Nd7 Rbb3 43. Kxa5 Rxa3+ 44. Kb5 Rhg3 45. Nxc5 Rxg5 46. Ne6+ Kf6 47. Nxg5 Kxg5 48. c5 Rc3 49. Kc6 Kf4 50. Kd6 g5 51. c6 h5 52. c7 g4 53. Bc6 g3 54. c8Q Rxc6+ 55. Qxc6 Kg4 56. Qg2 h4 57. Ke5 h3 58. Qe4+ Kg5 59. Qf4+ 1-0

[Event "Bad Zwesten op 4th"]
[Site "Bad Zwesten"]
[Date "2000.01.19"]
[Round "9"]
[White "Rafiee, Kayvan"]
[Black "Langheinrich, Elfi"]
[Result "1/2-1/2"]
[WhiteElo "1589"]
[BlackElo "1552"]
[PlyCount "57"]
[EventDate "2000.01.??"]
[EventType "swiss"]
[EventRounds "9"]
[EventCountry "GER"]
[SourceTitle "EXT 2001"]
[Source "ChessBase"]
[SourceDate "2000.11.22"]
[SourceVersion "1"]
[SourceVersionDate "2000.11.22"]
[SourceQuality "1"]

1. e4 e5 2. Nf3 Nc6 3. d4 exd4 4. Nxd4 d6 5. Nc3 Bd7 6. Bc4 Nf6 7. 0-0 Be7 8. Re1 0-0 9. a3 a6 10. Be2 h6 11. f4 Qc8 12. Nxc6 Bxc6 13. Bf3 Qd7 14. Qe2 Rae8 15. Qf2 b6 16. Be3 Bd8 17. Bd4 Nh7 18. Qg3 f5 19. Bh5 Re7 20. exf5 Rxe1+ 21. Rxe1 Bf6 22. Bxf6 Nxf6 23. Bg6 d5 24. Re6 d4 25. Nb1 Be4 26. Qf2 Qd5 27. Re5 Qd7 28. Qe2 Qc6 29. Nd2 1/2-1/2

[Event "Bad Zwesten op 4th"]
[Site "Bad Zwesten"]
[Date "2000.01.18"]
[Round "8"]
[White "Koksch, Florian"]
[Black "Langheinrich, Elfi"]
[Result "1/2-1/2"]
[WhiteElo "195"]
[BlackElo "1552"]
[PlyCount "27"]
[EventDate "2000.01.??"]
[EventType "swiss"]
[EventRounds "9"]
[EventCountry "GER"]
[SourceTitle "EXT 2001"]
[Source "ChessBase"]
[SourceDate "2000.11.22"]
[SourceVersion "1"]
[SourceVersionDate "2000.11.22"]
[SourceQuality "1"]

1. e4 e5 2. Nf3 Nc6 3. Bc4 h6 4. 0-0 Nf6 5. Nc3 Bc5 6. d3 0-0 7. Be3 Be7 8. h3 a6 9. Nh2 b5 10. Bb3 Na5 11. Qf3 Nxb3 12. axb3 d6 13. Qg3 Kh7 14. f4 1/2-1/2

[Event "Bad Zwesten op 4th"]
[Site "Bad Zwesten"]
[Date "2000.01.03"]
[Round "2"]
[White "Huss, Rolf"]
[Black "Langheinrich, Elfi"]
[Result "1-0"]
[WhiteElo "2185"]
[BlackElo "1552"]
[PlyCount "43"]
[EventDate "2000.01.??"]
[EventType "swiss"]
[EventRounds "9"]
[EventCountry "GER"]
[SourceTitle "EXT 2001"]
[Source "ChessBase"]
[SourceDate "2000.11.22"]
[SourceVersion "1"]
[SourceVersionDate "2000.11.22"]
[SourceQuality "1"]

1. d4 d5 2. c4 Bf5 3. Nf3 e6 4. Nc3 h6 5. a3 Nf6 6. Qb3 b6 7. cxd5 exd5 8. Ne5 c6 9. f3 Be6 10. e4 dxe4 11. Bc4 Qxd4 12. Bxe6 Qxe5 13. Bxf7+ Kd8 14. Ne2 exf3 15. gxf3 Nbd7 16. Bf4 Qf5 17. Nd4 Qa5+ 18. Kf1 Qa6+ 19. Kg2 b5 20. Qe6 Rc8 21. Rhe1 Bc5 22. Bd6 1-0

[Event "Bad Zwesten op 4th"]
[Site "Bad Zwesten"]
[Date "2000.01.03"]
[Round "3"]
[White "Langheinrich, Elfi"]
[Black "Reh, Stefan"]
[Result "0-1"]
[WhiteElo "1552"]
[BlackElo "1916"]
[PlyCount "40"]
[EventDate "2000.01.??"]
[EventType "swiss"]
[EventRounds "9"]
[EventCountry "GER"]
[SourceTitle "EXT 2001"]
[Source "ChessBase"]
[SourceDate "2000.11.22"]
[SourceVersion "1"]
[SourceVersionDate "2000.11.22"]
[SourceQuality "1"]

1. e4 e5 2. Nf3 f5 3. d3 d6 4. exf5 Bxf5 5. Nc3 Nf6 6. Bg5 Be7 7. Qd2 0-0 8. Be2 Nbd7 9. 0-0-0 c6 10. h3 Qa5 11. Qe3 b5 12. Kb1 Be6 13. a3 b4 14. axb4 Qxb4 15. Na2 Qb7 16. d4 Rfb8 17. Qc1 e4 18. Nd2 a5 19. Nc4 d5 20. Nd2 Ba3 0-1

[Event "Bad Zwesten op 4th"]
[Site "Bad Zwesten"]
[Date "2000.01.02"]
[Round "1"]
[White "Langheinrich, Elfi"]
[Black "Koksch, Robert"]
[Result "1/2-1/2"]
[WhiteElo "1552"]
[BlackElo "2145"]
[PlyCount "25"]
[EventDate "2000.01.??"]
[EventType "swiss"]
[EventRounds "9"]
[EventCountry "GER"]
[SourceTitle "EXT 2001"]
[Source "ChessBase"]
[SourceDate "2000.11.22"]
[SourceVersion "1"]
[SourceVersionDate "2000.11.22"]
[SourceQuality "1"]

1. e4 c6 2. d4 d5 3. exd5 cxd5 4. Nf3 Nf6 5. Bf4 Qb6 6. Qc1 Bg4 7. Nbd2 Nc6 8. c3 e6 9. Be2 Rc8 10. 0-0 Na5 11. Re1 Bd6 12. Bxd6 Qxd6 13. h3 1/2-1/2